000 00377nam a22001457a 4500
003 OSt
005 20220317105429.0
008 220317b |||||||| |||| 00| 0 eng d
020 _a8122416152
040 _cHU
082 _a631.7 SHA 2005
100 _aSharma, V; Agarwal, R. N. 1940-
_933315
245 _aPlanning irrigation networking and OFD works.
942 _2ddc
_cBOOKS
_n0
999 _c33040
_d33040